Water harvesting in Sub-Saharan Africa /

Bibliographic Details
Corporate Author: ebrary, Inc
Other Authors: Critchley, Will, Gowing, John W., Mollee, Eefke
Format: eBook
Language:English
Published: Abingdon, Oxon ; New York : Routledge, 2012.
Subjects:
Online Access:Connect to the full text of this electronic book

MARC

Tag First Indicator Second Indicator Subfields
LEADER 00000cam a2200000 a 4500
001 in00002814739
006 m o d
007 cr cn|||||||||
008 120816s2012 enkabd ob 001 0 eng d
005 20250816204044.3
010 |z  2012024623 
020 |z 9780415537735 (hbk) 
020 |z 9780415537865 (pbk) 
020 |z 9780203109984 (e-book) 
035 |a (CaPaEBR)ebr10643543 
035 |a (OCoLC)826065150 
040 |a CaPaEBR  |c CaPaEBR  |d UtOrBLW 
043 |a fb----- 
050 1 4 |a TD418  |b .W36 2012eb 
082 0 4 |a 627/.50967  |2 23 
245 0 0 |a Water harvesting in Sub-Saharan Africa /  |c edited by William Critchley and John Gowing ; associate editor, Eefke Mollee. 
264 1 |a Abingdon, Oxon ;  |a New York :  |b Routledge,  |c 2012. 
300 |a 1 online resource (xv, 201 pages) :  |b illustrations, maps. 
336 |a text  |b txt  |2 rdacontent 
337 |a computer  |b c  |2 rdamedia 
338 |a online resource  |b cr  |2 rdacarrier 
504 |a Includes bibliographical references and index. 
500 |a Electronic resource. 
650 0 |a Water harvesting  |z Africa, Sub-Saharan. 
650 0 |a Water-supply  |z Africa, Sub-Saharan. 
655 7 |a Electronic books.  |2 local 
700 1 |a Critchley, Will. 
700 1 |a Gowing, John W. 
700 1 |a Mollee, Eefke. 
710 2 |a ebrary, Inc. 
856 4 0 |u https://ebookcentral.proquest.com/lib/tamucs/detail.action?docID=1108584  |y Connect to the full text of this electronic book  |t 0 
980 |a 130312  |b 149  |c USD  |e 149  |f YBP_EBR0000055705  |g 1 
999 f f |s b5be3c05-f216-3f5e-adfc-e5c923252e44  |i 692c172e-4987-3111-b254-e5e79674ff4a  |t 0 
999 |a MARS 
952 f f |a Texas A&M University  |b College Station  |c Electronic Resources  |d Available Online  |t 0  |e TD418 .W36 2012eb  |h Library of Congress classification 
998 f f |a TD418 .W36 2012eb  |t 0  |l Available Online